000 00640nam a22002177a 4500
001 35788
003 BD-RjUL
005 20211209052359.0
008 140609b1967 e ||||| |||| 001 0 eng d
035 _a(BD-RjUL)35883
040 _aBD-RjUL
_beng
_cBD-RjUL
_dBD-RjUL
041 _aeng
082 _a824.6
_bWIP 1967
100 _a Wilkins, Burleigh Taylor
_9109006
245 _aThe problem of Burke's political philosophy /
_cby Burleigh Taylor Wilkins
260 _aOxford :
_bClarendon Press,
_c1967.
300 _aviii, 262 p. ;
_c19 cm.
504 _aIncludes index.
650 _aBurke, Edmund, 1729-1797
_9109007
942 _2ddc
_cBK
999 _c35788
_d35788